00415nam a2200133Ia 4500008004100000100001700041245003900058245001800097260000900115650001600124856004900140999001900189952007300208160609s9999 xx 000 0 und d aHagen, Mike. 4aThe Nikon Creative Lighting System cBy:Mike Hagen c2015 xPHOTOGRAPHY uhttp://file.ebook777.com/TheNikCreLigSys.zip c295802d295802 001040aCLbCLd2016-06-09l0r2016-06-09 00:00:00w2016-06-09yCBE